[Event "Open SSM A Agosto"]
[Site "Milano ITA"]
[Date "2014.07.30"]
[Round "2"]
[White "Prevedello, Daniele"]
[Black "Quagliarella, Sabino Remo"]
[WhiteElo "1860"]
[BlackElo "1838"]
[Result "1-0"]
[PlyCount "107"]
[EventDate "2014.07.29"]

1. d4 Nf6 2. c4 e6 3. Nf3 d5 4. Nc3 Nbd7 5. Bg5 Be7 6. e3 O-O 7. cxd5 exd5 8.
Bd3 h6 9. Bh4 c6 10. O-O Re8 11. Rb1 c5 12. dxc5 Nxc5 13. Bb5 Ncd7 14. Bxf6
Bxf6 15. Nxd5 Rf8 16. Bxd7 Qxd7 17. Nxf6+ gxf6 18. Qxd7 Bxd7 19. Rfd1 Bg4 20.
Rd6 Kg7 21. Nd4 Rfd8 22. Rxd8 Rxd8 23. Rc1 Rd7 24. Kf1 Be6 25. a3 a6 26. Ke2 f5
27. Rc5 Kf6 28. Kf3 b6 29. Rc6 Rb7 30. Kf4 Ke7 31. Nxf5+ Kd7 32. Rc3 h5 33. Ng7
Bd5 34. e4 Ba2 35. Nxh5 Ke7 36. Ng3 b5 37. Nf5+ Kd8 38. Rd3+ Kc7 39. h4 Rb6 40.
h5 Rb8 41. h6 Bb1 42. Rc3+ Kd7 43. Rc1 Ba2 44. Rd1+ Kc7 45. Kg5 Rg8+ 46. Ng7
Rh8 47. Rh1 Bc4 48. Kf6 Rh7 49. Nf5 Be6 50. Nd4 Bc4 51. Nf3 Kd6 52. Ng5 Rh8 53.
Nxf7+ Bxf7 54. Kxf7 1-0

[Event "Open SSM A Agosto"]
[Site "Milano ITA"]
[Date "2014.07.31"]
[Round "3"]
[White "Bisignano, Giuseppe"]
[Black "Di Chiara, Mauro"]
[WhiteElo "1872"]
[BlackElo "2006"]
[Result "1-0"]
[PlyCount "151"]
[EventDate "2014.07.29"]

1. e4 d6 2. d4 Nf6 3. Nc3 g6 4. Nf3 Bg7 5. Bc4 O-O 6. O-O Nxe4 7. Nxe4 d5 8.
Nc3 dxc4 9. h3 Nc6 10. Be3 Nb4 11. Qe2 Be6 12. Ne5 c5 13. Rfd1 Qc8 14. a3 cxd4
15. Bxd4 Nc6 16. Nxc6 Qxc6 17. Bxg7 Kxg7 18. h4 h5 19. Qe5+ f6 20. Qe3 Rfe8 21.
Rd4 Rad8 22. Rad1 Rxd4 23. Rxd4 Bf7 24. Qd2 Rc8 25. Qe3 e5 26. Rd2 b6 27. f3
Rc7 28. Kf2 Rd7 29. Ne4 Rxd2+ 30. Qxd2 Qd5 31. Ke3 Qxd2+ 32. Kxd2 Bd5 33. Nd6
Kh6 34. Ke3 Be6 35. Ke4 g5 36. g3 Kg6 37. c3 Bh3 38. Nxc4 gxh4 39. gxh4 Bd7 40.
Nd6 Bc6+ 41. Ke3 Bd7 42. f4 exf4+ 43. Kxf4 Be6 44. c4 Kg7 45. b4 Kf8 46. c5
bxc5 47. bxc5 Ke7 48. Ke4 Kd7 49. Nb5 a6 50. Nd4 Bg4 51. Kd5 Kc7 52. Ne6+ Kd7
53. c6+ Ke7 54. Nd4 Bc8 55. Kc5 f5 56. Kd5 Kf6 57. Nf3 Be6+ 58. Kd4 Bc8 59. Ng5
a5 60. Kd5 a4 61. Kd4 Ba6 62. Nf3 Bc8 63. Ne5 Ke6 64. Nc4 Ba6 65. Nb6 Kd6 66.
Nxa4 Kxc6 67. Ke5 Bc8 68. Nc3 Kc5 69. Ne2 Kb5 70. Nf4 Ka4 71. Nxh5 Ba6 72. Nf4
Bc4 73. h5 Kxa3 74. Kf6 Kb4 75. h6 Bg8 76. Kg7 1-0

[Event "Open SSM A Agosto"]
[Site "Milano ITA"]
[Date "2014.07.31"]
[Round "3"]
[White "Casartelli, Fabio"]
[Black "Prevedello, Daniele"]
[WhiteElo "1834"]
[BlackElo "1860"]
[Result "1/2-1/2"]
[PlyCount "137"]
[EventDate "2014.07.29"]

1. d4 d5 2. Nf3 Nf6 3. c4 c6 4. Nc3 dxc4 5. e4 b5 6. a3 g6 7. Be2 Bg7 8. Bf4
O-O 9. O-O Bb7 10. Qd2 Nbd7 11. Rad1 a6 12. Bh6 Qc7 13. Bxg7 Kxg7 14. e5 Nd5
15. Ng5 Nxc3 16. bxc3 h6 17. Nf3 c5 18. Qf4 cxd4 19. Rxd4 Rad8 20. Rfd1 Nc5 21.
Rxd8 Rxd8 22. Nd4 Ne4 23. Qe3 Qa5 24. Bf3 Nxc3 25. Nf5+ gxf5 26. Rxd8 Qxd8 27.
Qxc3 Bxf3 28. e6+ Kg6 29. Qxf3 fxe6 30. g4 Qd3 31. gxf5+ Kg5 32. h4+ Kxh4 33.
Qf4+ Kh5 34. fxe6 Qg6+ 35. Kf1 Qxe6 36. Qf3+ Kg6 37. Qg3+ Kh7 38. Qc3 Qd6 39.
Kg2 Qd3 40. Qb4 Qd5+ 41. f3 Qd6 42. Qc3 e5 43. a4 Qd4 44. Qb4 Kg6 45. axb5 axb5
46. Qxb5 Kf5 47. Qe8 Qd2+ 48. Kh3 Kf4 49. Qf7+ Ke3 50. Qxc4 Kxf3 51. Qc6+ e4
52. Qf6+ Qf4 53. Qg6 Qg5 54. Qf7+ Ke2 55. Qc4+ Kf3 56. Qf7+ Ke3 57. Qb3+ Ke2
58. Qc2+ Kf3 59. Qd1+ Ke3 60. Qb3+ Kd4 61. Qb4+ Ke5 62. Qc5+ Kf6 63. Qf8+ Ke5
64. Qc5+ Ke6 65. Qc6+ Kf7 66. Qxe4 Kf6 67. Qd4+ Kg6 68. Qd6+ Kh5 69. Qd1+
1/2-1/2

[Event "Open SSM A Agosto"]
[Site "Milano ITA"]
[Date "2014.07.31"]
[Round "3"]
[White "Mandelli, Giacomo"]
[Black "Pelizzola, Danilo"]
[WhiteElo "1752"]
[BlackElo "2106"]
[Result "1-0"]
[PlyCount "159"]
[EventDate "2014.07.29"]

1. e4 e5 2. Nf3 Nc6 3. Bb5 a6 4. Ba4 Nf6 5. Qe2 b5 6. Bb3 Bc5 7. O-O Bb7 8. c3
d6 9. d3 Bb6 10. Bg5 h6 11. Be3 Bxe3 12. fxe3 Ne7 13. Nbd2 c5 14. Rad1 Qc7 15.
d4 c4 16. Bc2 Ng6 17. h3 O-O 18. Qf2 Rae8 19. d5 Qe7 20. g4 Bc8 21. Qg3 Kh7 22.
Rf2 Rh8 23. Nh4 Nxh4 24. Qxh4 Kg8 25. Rdf1 Nxd5 26. Qxe7 Nxe7 27. Rxf7 Be6 28.
R7f2 Ng6 29. Nf3 Kh7 30. Rd1 Re7 31. Rxd6 Ra8 32. Rfd2 a5 33. Rb6 b4 34. Rdd6
Bf7 35. Ba4 Nf8 36. Bc6 Raa7 37. Bd5 Nd7 38. Ra6 Rxa6 39. Rxa6 Nc5 40. Rxa5
bxc3 41. bxc3 Bxd5 42. Rxc5 Bg8 43. a4 Rb7 44. Rb5 Rd7 45. Nxe5 Rd2 46. Rb4 Rc2
47. Nxc4 Rxc3 48. Nb6 Rxe3 49. Kh2 Ra3 50. Nd5 Be6 51. Kg2 h5 52. Nf4 Bf7 53.
Nxh5 Bxh5 54. gxh5 Kh6 55. e5 Kg5 56. e6 Kf6 57. Re4 Ke7 58. Kh2 Rc3 59. Re5
Rd3 60. a5 Rc3 61. Kg2 Rb3 62. h4 Ra3 63. Kf2 Rh3 64. Ke2 Rxh4 65. Kd3 Rb4 66.
Kc3 Rb1 67. Kc4 Rb8 68. Kc5 Rb1 69. Kc6 Rc1+ 70. Kb6 Rb1+ 71. Rb5 Re1 72. a6
Rxe6+ 73. Kb7 Kf7 74. a7 Re7+ 75. Ka6 Re6+ 76. Rb6 Re8 77. Rc6 Ke7 78. Kb7 Kd7
79. Rc7+ Kd6 80. Rxg7 1-0

[Event "Open SSM A Agosto"]
[Site "Milano ITA"]
[Date "2014.07.31"]
[Round "3"]
[White "Papale, Carmelo"]
[Black "Mazzoccoli, Simone"]
[WhiteElo "1826"]
[BlackElo "1757"]
[Result "0-1"]
[PlyCount "62"]
[EventDate "2014.07.29"]

1. e4 c5 2. Nf3 Nc6 3. d4 cxd4 4. Nxd4 g6 5. Nc3 Bg7 6. Be3 Nf6 7. f3 O-O 8.
Bc4 Qb6 9. Qd2 Nxe4 10. fxe4 Bxd4 11. Bxd4 Qxd4 12. Qxd4 Nxd4 13. O-O-O Nc6 14.
Nd5 Kg7 15. Rhf1 f5 16. g4 Ne5 17. Bb3 Nxg4 18. Nxe7 Ne3 19. Nxc8 Nxd1 20. Rxd1
Raxc8 21. Rxd7+ Kf6 22. Rxh7 fxe4 23. Kd2 Rce8 24. Rxb7 e3+ 25. Ke2 Kg5 26. Bf7
Re5 27. Rxa7 Rf5 28. Bb3 Re8 29. Rh7 Rf2+ 30. Ke1 e2 31. Rf7 Rg2 0-1

[Event "Open SSM A Agosto"]
[Site "Milano ITA"]
[Date "2014.08.31"]
[Round "3"]
[White "Quagliarella, Sabino Remo"]
[Black "Alati, Alberto"]
[WhiteElo "1838"]
[BlackElo "1745"]
[Result "1-0"]
[PlyCount "79"]
[EventDate "2014.07.29"]

1. d4 Nf6 2. Nf3 e6 3. Nbd2 d5 4. e3 Be7 5. Bd3 Nbd7 6. O-O O-O 7. b3 c5 8. c4
a6 9. Qc2 Rb8 10. a4 b6 11. cxd5 exd5 12. Bb2 h6 13. Rfc1 Bb7 14. Ne5 Rc8 15.
Qb1 Re8 16. Bf5 Rc7 17. Ndf3 Bd6 18. Bxd7 Nxd7 19. Nxd7 Rxd7 20. a5 Re6 21.
dxc5 bxc5 22. Qf5 Bc7 23. Rxc5 Bd6 24. Rcc1 g6 25. Qd3 f5 26. Nd4 Re4 27. Nc6
Qh4 28. g3 Qh3 29. Qf1 Qh5 30. Rc2 Rf7 31. Nd8 d4 32. Nxb7 Rxb7 33. Rc8+ Kf7
34. Bxd4 Rb5 35. Qc4+ Ke7 36. Qg8 g5 37. Qf8+ Ke6 38. Qf6+ Kd7 39. Rd8+ Kc6 40.
Qxd6+ 1-0

[Event "Open SSM A Agosto"]
[Site "Milano ITA"]
[Date "2014.07.31"]
[Round "3"]
[White "Vezzosi, Paolo"]
[Black "Nicolo', Filippo"]
[WhiteElo "2282"]
[BlackElo "2066"]
[Result "1-0"]
[PlyCount "61"]
[EventDate "2014.07.29"]

1. Nf3 f5 2. c4 Nf6 3. g3 g6 4. b4 e6 5. Qb3 a5 6. b5 a4 7. Qc2 Bg7 8. Bg2 O-O
9. O-O d6 10. d4 e5 11. dxe5 Ng4 12. Nc3 Nxe5 13. Nxe5 Bxe5 14. Bh6 Re8 15.
Bd5+ Kh8 16. Rad1 Qf6 17. Nxa4 g5 18. Bxg5 Qxg5 19. f4 Qg7 20. fxe5 dxe5 21. e3
Ra5 22. Nc5 c6 23. Nb3 Ra8 24. Bg2 h5 25. Qe2 Qg5 26. Rd6 h4 27. Nc5 Ra3 28.
Nd3 cxb5 29. gxh4 Qxh4 30. cxb5 Kg7 31. Qb2 1-0

[Event "Open SSM A Agosto"]
[Site "Milano ITA"]
[Date "2014.08.01"]
[Round "4"]
[White "Bisignano, Giuseppe"]
[Black "Vezzosi, Paolo"]
[WhiteElo "1872"]
[BlackElo "2282"]
[Result "0-1"]
[PlyCount "60"]
[EventDate "2014.07.29"]

1. e4 c5 2. Nf3 d6 3. d4 cxd4 4. Nxd4 Nf6 5. Nc3 a6 6. Bc4 e6 7. a3 Qc7 8. Ba2
Nc6 9. Nxc6 bxc6 10. O-O Be7 11. Be3 Rb8 12. Rb1 e5 13. h3 O-O 14. b4 Be6 15.
Bb3 a5 16. Qd2 axb4 17. axb4 Rb7 18. f3 Rfb8 19. b5 cxb5 20. Nd5 Nxd5 21. Bxd5
Bxd5 22. Qxd5 Qxc2 23. Rfc1 Qe2 24. Bg5 Bf8 25. Rc6 Ra7 26. Bd2 b4 27. Rc2 Rb5
28. Qb3 Ra3 29. Qb2 b3 30. Qxa3 bxc2 0-1

[Event "Open SSM A Agosto"]
[Site "Milano ITA"]
[Date "2014.08.01"]
[Round "4"]
[White "Di Chiara, Mauro"]
[Black "Alati, Alberto"]
[WhiteElo "2006"]
[BlackElo "1745"]
[Result "1-0"]
[PlyCount "75"]
[EventDate "2014.07.29"]

1. Nf3 Nf6 2. d4 e6 3. c4 Be7 4. Nc3 d5 5. e3 O-O 6. Bd3 b6 7. e4 dxe4 8. Nxe4
Bb7 9. Qc2 Nbd7 10. O-O c5 11. Rd1 Qc7 12. dxc5 Bxc5 13. Nxc5 Nxc5 14. Bg5 Nfe4
15. b4 Nxd3 16. Qxd3 h6 17. Bh4 g5 18. Bg3 Nxg3 19. hxg3 Rfd8 20. Qc3 Bxf3 21.
gxf3 Qe7 22. a3 a5 23. Kg2 f6 24. Qe3 axb4 25. axb4 Rxa1 26. Rxa1 Rd6 27. Qe4
Kg7 28. Qa8 Rd7 29. Qc6 Rd6 30. Qb5 Qb7 31. c5 Rd5 32. Ra6 Rf5 33. c6 Qc7 34.
Qxb6 Qe5 35. Ra7+ Kg6 36. Qb7 Rxf3 37. Qf7+ Kf5 38. Ra5 1-0

[Event "Open SSM A Agosto"]
[Site "Milano ITA"]
[Date "2014.08.01"]
[Round "4"]
[White "Nicolo', Filippo"]
[Black "Mandelli, Giacomo"]
[WhiteElo "2066"]
[BlackElo "1752"]
[Result "1-0"]
[PlyCount "61"]
[EventDate "2014.07.29"]

1. e4 c5 2. Nc3 e6 3. Nf3 a6 4. d4 cxd4 5. Nxd4 Qc7 6. g3 g6 7. Bg2 Bg7 8. O-O
Ne7 9. Bg5 Nbc6 10. Nxc6 dxc6 11. Qd2 O-O 12. Rad1 e5 13. Qd6 Qxd6 14. Rxd6 Re8
15. Na4 Be6 16. Nc5 Nc8 17. Rd2 f6 18. Nxe6 Rxe6 19. Bh3 Rd6 20. Bxc8 Rxc8 21.
Rxd6 fxg5 22. Rfd1 Bf8 23. Rd8 Rxd8 24. Rxd8 b5 25. Ra8 Kf7 26. Rxa6 c5 27.
Ra7+ Kf6 28. Rb7 b4 29. a4 bxa3 30. bxa3 c4 31. a4 1-0

[Event "Open SSM A Agosto"]
[Site "Milano ITA"]
[Date "2014.08.01"]
[Round "4"]
[White "Pelizzola, Danilo"]
[Black "Prevedello, Daniele"]
[WhiteElo "2106"]
[BlackElo "1860"]
[Result "1/2-1/2"]
[PlyCount "152"]
[EventDate "2014.07.29"]

1. e4 c6 2. d4 d5 3. Nd2 dxe4 4. Nxe4 Bf5 5. Ng3 Bg6 6. Bc4 e6 7. N1e2 Nf6 8.
c3 Nd5 9. Nf4 Nxf4 10. Bxf4 Be7 11. Qe2 Nd7 12. Ne4 Nb6 13. Bb3 Nd5 14. Bd2 O-O
15. O-O Qc7 16. Rae1 Rad8 17. Bg5 Bxg5 18. Nxg5 Nf4 19. Qe3 Bd3 20. g3 Bxf1 21.
gxf4 Ba6 22. Qe4 g6 23. f5 exf5 24. Qe7 Qxe7 25. Rxe7 Kg7 26. Nxf7 Kf6 27. Rc7
Rde8 28. h4 Re7 29. Rxe7 Kxe7 30. Ne5 Rf6 31. f4 b6 32. Bg8 Be2 33. Bxh7 Bh5
34. Bg8 Kd6 35. Kf2 b5 36. Bf7 Ke7 37. Bb3 Rd6 38. Ke3 Kf6 39. Bc2 Ke7 40. Bd3
a6 41. b4 Re6 42. c4 Bg4 43. c5 Bd1 44. Kd2 Bg4 45. Bf1 Kd8 46. Bg2 Kc7 47. Kd3
Bd1 48. Kd2 Bg4 49. Kc2 Be2 50. Kd2 Bc4 51. a3 Bd5 52. Bf1 Re7 53. Be2 Rg7 54.
Ke3 Kd8 55. Bd1 Ke7 56. a4 Kf6 57. a5 Rh7 58. Nf3 Re7+ 59. Ne5 Rh7 60. Nf3 Bxf3
61. Bxf3 Rc7 62. d5 cxd5 63. Bxd5 Rh7 64. Bc6 Rc7 65. Bd5 Ke7 66. Kd4 Kf6 67.
c6 Ke7 68. Kc5 Rc8 69. Bg2 Rh8 70. Kb6 Kd6 71. Kb7 Rxh4 72. Kxa6 Rg4 73. Bh1
Rh4 74. Bg2 Rg4 75. Bh1 Rh4 76. Bg2 Rg4 1/2-1/2

[Event "Open SSM A Agosto"]
[Site "Milano ITA"]
[Date "2014.08.01"]
[Round "4"]
[White "Quagliarella, Sabino Remo"]
[Black "Casartelli, Fabio"]
[WhiteElo "1838"]
[BlackElo "1834"]
[Result "0-1"]
[PlyCount "144"]
[EventDate "2014.07.29"]

1. d4 e6 2. Nf3 c5 3. e3 cxd4 4. exd4 Nf6 5. Bd3 Be7 6. O-O O-O 7. c4 Nc6 8. a3
d5 9. Nc3 a6 10. c5 h6 11. Bf4 Nh7 12. Rc1 Ng5 13. Nxg5 Bxg5 14. Be3 Bxe3 15.
fxe3 e5 16. Bf5 Qg5 17. Bxc8 Raxc8 18. Nxd5 Rcd8 19. e4 Nxd4 20. Rc3 f5 21. Rg3
Qh4 22. Qe1 fxe4 23. Rxf8+ Rxf8 24. h3 Ne2+ 25. Qxe2 Qxg3 26. Qxe4 Qf2+ 27. Kh2
Qxc5 28. Qxe5 Kh8 29. b4 Qb5 30. Qd6 Qe8 31. Nf4 Rf6 32. Qc7 Qf8 33. g3 Qd6 34.
Qc8+ Kh7 35. Qxb7 Qd2+ 36. Ng2 Qd3 37. a4 Rf2 38. h4 Qf3 39. Qxf3 Rxf3 40. Nf4
Ra3 41. a5 Rb3 42. Nd5 Kg6 43. Kh3 Kf5 44. Nc7 Rxb4 45. Nxa6 Rb5 46. g4+ Ke4
47. Nc7 Rxa5 48. h5 Ra3+ 49. Kh4 Kf3 50. Ne6 Rd3 51. g5 Rd1 52. gxh6 gxh6 53.
Ng5+ Kf4 54. Nh3+ Kf5 55. Kg3 Rd3+ 56. Kh4 Rd4+ 57. Kg3 Rg4+ 58. Kf3 Rh4 59.
Ng1 Rxh5 60. Ne2 Rg5 61. Nd4+ Ke5 62. Ne2 h5 63. Kf2 h4 64. Ng1 Ke4 65. Nh3 Rg3
66. Ng1 Kf5 67. Nf3 Kg4 68. Ne5+ Kf4 69. Nd7 h3 70. Nf6 Rg2+ 71. Kf1 Kf3 72.
Nd7 h2 0-1

[Event "Open SSM A Agosto"]
[Site "Milano ITA"]
[Date "2014.08.02"]
[Round "5"]
[White "Alati, Alberto"]
[Black "Bisignano, Giuseppe"]
[WhiteElo "1745"]
[BlackElo "1872"]
[Result "1-0"]
[PlyCount "107"]
[EventDate "2014.07.29"]

1. c4 g6 2. g3 Bg7 3. Bg2 c5 4. Nc3 Nc6 5. Nf3 Nf6 6. O-O O-O 7. d3 d6 8. a3
Bd7 9. Rb1 Nh5 10. Bd2 f5 11. Ng5 e6 12. Nb5 f4 13. Ne4 Ne5 14. Nbxd6 Bc6 15.
b4 b6 16. bxc5 bxc5 17. Nb7 Bxb7 18. Rxb7 f3 19. exf3 Qxd3 20. Nxc5 Qxc4 21.
Be3 Rfd8 22. Qa4 Qxa4 23. Nxa4 Nc4 24. Nc5 Nxe3 25. fxe3 e5 26. g4 Bh6 27. Re1
Nf6 28. h4 Bf8 29. Ne6 Rd3 30. Nxf8 Kxf8 31. Kf2 Rxa3 32. g5 Ne8 33. Rd1 a5 34.
Rdd7 a4 35. Bh3 Rb3 36. Rf7+ Kg8 37. Ra7 Rxa7 38. Rxa7 Rb2+ 39. Kg3 Nd6 40.
Be6+ Kf8 41. Rxa4 Nb5 42. Ra8+ Ke7 43. Bg8 Nc3 44. Bxh7 Ne2+ 45. Kg4 Ng1 46.
Bxg6 Rg2+ 47. Kf5 Nxf3 48. Rh8 Kd6 49. Kf6 Rh2 50. h5 Nh4 51. h6 Rf2+ 52. Kg7
Nf5+ 53. Bxf5 Rxf5 54. g6 1-0

[Event "Open SSM A Agosto"]
[Site "Milano ITA"]
[Date "2014.08.02"]
[Round "5"]
[White "Mandelli, Giacomo"]
[Black "Di Chiara, Mauro"]
[WhiteElo "1752"]
[BlackElo "2006"]
[Result "0-1"]
[PlyCount "98"]
[EventDate "2014.07.29"]

1. e4 g6 2. d4 Bg7 3. Nc3 d6 4. Nf3 Nf6 5. h3 O-O 6. Be3 c6 7. Qd2 b5 8. Bd3
Nbd7 9. O-O e5 10. dxe5 dxe5 11. a4 b4 12. Ne2 a5 13. Rfd1 Qc7 14. Ng3 Re8 15.
Qe2 Nf8 16. Rac1 Ne6 17. Bc4 Nf4 18. Qf1 Be6 19. c3 Rad8 20. cxb4 axb4 21. Bxe6
Nxe6 22. Rxd8 Rxd8 23. Qc4 c5 24. Ng5 Nxg5 25. Bxg5 h6 26. Bxf6 Bxf6 27. Kh2
Rd2 28. b3 Qd6 29. Ne2 Qd3 30. Qxd3 Rxd3 31. Rb1 Rd2 32. Nc1 Rd1 33. a5 Bd8 34.
a6 Bb6 35. Kg3 Ba7 36. Kf3 f5 37. Ke2 Rg1 38. exf5 gxf5 39. g3 Kf7 40. Kd3 Ke6
41. Kc4 Rf1 42. Kb5 Kd5 43. Rb2 Rxc1 44. Rd2+ Ke6 45. Kc6 c4 46. Rd6+ Ke7 47.
Rd7+ Kf6 48. Rxa7 cxb3+ 49. Kb6 b2 0-1

[Event "Open SSM A Agosto"]
[Site "Milano ITA"]
[Date "2014.08.02"]
[Round "5"]
[White "Mazzoccoli, Simone"]
[Black "Pelizzola, Danilo"]
[WhiteElo "1757"]
[BlackElo "2106"]
[Result "0-1"]
[PlyCount "76"]
[EventDate "2014.07.29"]

1. e4 e5 2. Nf3 Nc6 3. d4 exd4 4. Nxd4 Nf6 5. Nxc6 bxc6 6. Bd3 d5 7. exd5 cxd5
8. Nc3 c6 9. O-O Be7 10. Bf4 O-O 11. Re1 Bg4 12. Qd2 Bd6 13. h3 Bh5 14. Rab1
Qc7 15. Bg5 Nd7 16. b4 f6 17. Be3 Bf7 18. Bf1 Nb6 19. a4 Rad8 20. a5 Nc4 21.
Bxc4 dxc4 22. Qe2 Rfe8 23. Qf3 Be5 24. Ne2 Bg6 25. Bf4 Bxc2 26. Rbc1 Bb3 27.
Bxe5 Rxe5 28. Nf4 Rde8 29. Rxe5 Rxe5 30. Qg3 Re4 31. Nh5 Qxg3 32. Nxg3 Re5 33.
f3 Rb5 34. Re1 Rxb4 35. Ra1 c3 36. Ne2 c2 37. Kf2 Bc4 38. Nc3 Rb3 0-1

[Event "Open SSM A Agosto"]
[Site "Milano ITA"]
[Date "2014.08.02"]
[Round "5"]
[White "Prevedello, Daniele"]
[Black "Nicolo', Filippo"]
[WhiteElo "1860"]
[BlackElo "2066"]
[Result "1/2-1/2"]
[PlyCount "80"]
[EventDate "2014.07.29"]

1. d4 d5 2. c4 dxc4 3. e3 e5 4. Bxc4 exd4 5. exd4 Nf6 6. Nf3 Be7 7. Qb3 O-O 8.
Ne5 Qe8 9. O-O Nc6 10. Nxc6 Qxc6 11. Re1 Bd6 12. Bg5 a6 13. Bxf6 gxf6 14. Nc3
Rb8 15. Ne4 Kg7 16. Rac1 Qd7 17. Bxa6 Bf4 18. Rcd1 Qg4 19. Ng3 bxa6 20. Qxb8 h5
21. Qb3 h4 22. Nf1 Rg8 23. Qf3 Qxf3 24. gxf3 Kf8+ 25. Kh1 Bh3 26. Ne3 Bxe3 27.
fxe3 Bg2+ 28. Kg1 Bxf3+ 29. Kf2 Bxd1 30. Rxd1 Rg5 31. Rg1 Ra5 32. a3 Rb5 33.
Rb1 c5 34. a4 Rb4 35. dxc5 a5 36. b3 Ke7 37. Ke2 Kd7 38. Rd1+ Kc6 39. Rd3 Kxc5
40. Kf3 f5 1/2-1/2

[Event "Open SSM A Agosto"]
[Site "Milano ITA"]
[Date "2014.08.02"]
[Round "5"]
[White "Vezzosi, Paolo"]
[Black "Casartelli, Fabio"]
[WhiteElo "2282"]
[BlackElo "1834"]
[Result "1-0"]
[PlyCount "69"]
[EventDate "2014.07.29"]

1. d4 e6 2. Nf3 Nf6 3. c4 Bb4+ 4. Bd2 Bxd2+ 5. Qxd2 d6 6. Nc3 O-O 7. g3 d5 8.
Bg2 Nc6 9. O-O Ne4 10. Qc2 Nxc3 11. Qxc3 Qe7 12. Rac1 Rd8 13. Rfd1 Bd7 14. a3
Rac8 15. b4 a6 16. e3 dxc4 17. Qxc4 e5 18. d5 Na7 19. Qe4 Ba4 20. Rd3 c6 21.
Qxe5 Qxe5 22. Nxe5 f6 23. Nc4 Bb5 24. d6 Bxc4 25. Rxc4 Kf7 26. Re4 Rb8 27. d7
Nb5 28. Bf1 f5 29. Re5 Kf6 30. f4 Nc7 31. Rd6+ Kf7 32. Bc4+ Kf8 33. Rxf5+ Ke7
34. Rd3 Ne6 35. Re5 1-0

[Event "Open SSM A Agosto"]
[Site "Milano ITA"]
[Date "2014.08.03"]
[Round "6"]
[White "Alati, Alberto"]
[Black "Mandelli, Giacomo"]
[WhiteElo "1745"]
[BlackElo "1752"]
[Result "0-1"]
[PlyCount "76"]
[EventDate "2014.07.29"]

1. c4 Nf6 2. g3 c6 3. Bg2 d5 4. Nf3 g6 5. O-O Bg7 6. Nc3 O-O 7. e3 Re8 8. cxd5
cxd5 9. d4 Nc6 10. a3 Rb8 11. b4 e6 12. b5 Ne7 13. a4 Nf5 14. Ba3 b6 15. Rc1
Bb7 16. Na2 Ne4 17. Nb4 Rc8 18. Qd3 Ned6 19. Nd2 Qd7 20. g4 Ne7 21. f3 Rxc1 22.
Rxc1 Rc8 23. Rxc8+ Qxc8 24. e4 Qc7 25. e5 Nc4 26. Bf1 Nxa3 27. Qxa3 g5 28. Kf2
Ng6 29. Qb2 f6 30. exf6 Qxh2+ 31. Ke3 Qf4+ 32. Kd3 Bxf6 33. Qc3 Nh4 34. Be2 Ng2
35. Nf1 Ne1+ 36. Qxe1 Qxd4+ 37. Kc2 Qb2+ 38. Kd3 Qb3+ 0-1

[Event "Open SSM A Agosto"]
[Site "Milano ITA"]
[Date "2014.08.03"]
[Round "6"]
[White "Casartelli, Fabio"]
[Black "Mazzoccoli, Simone"]
[WhiteElo "1834"]
[BlackElo "1757"]
[Result "1/2-1/2"]
[PlyCount "103"]
[EventDate "2014.07.29"]

1. d4 Nf6 2. Nd2 d5 3. Ngf3 g6 4. b3 Bg7 5. Bb2 O-O 6. e3 c5 7. c3 cxd4 8. cxd4
Nc6 9. Be2 Rb8 10. Rc1 Bg4 11. O-O Qd6 12. h3 Bxf3 13. Nxf3 Ne4 14. Bd3 f5 15.
Qe2 Nb4 16. Bxe4 fxe4 17. Ne5 Nxa2 18. Ra1 Nb4 19. Ba3 Bxe5 20. dxe5 Qb6 21.
Bxb4 Qxb4 22. Rxa7 Qxb3 23. Rc1 Rfc8 24. Raa1 Qd3 25. Rxc8+ Rxc8 26. Qg4 Qc3
27. Rd1 Rd8 28. Qe6+ Kf8 29. Rxd5 Rxd5 30. Qxd5 Qc6 31. Qd8+ Qe8 32. Qc7 Qc6
33. Qb8+ Kg7 34. Qd8 Qc5 35. e6 Qd6 36. Qd7 b6 37. Qc8 h5 38. Qc3+ Kh7 39. Qc4
Qd1+ 40. Kh2 Qd6+ 41. g3 Qe5 42. h4 Kg7 43. Qb3 b5 44. Kg2 Kf6 45. Kf1 Qa1+ 46.
Ke2 Qa4 47. Qc3+ Kxe6 48. Qc6+ Kf5 49. Qd5+ Kf6 50. Qg5+ Kf7 51. Qd5+ Kf8 52.
Qd8+ 1/2-1/2

[Event "Open SSM A Agosto"]
[Site "Milano ITA"]
[Date "2014.08.03"]
[Round "6"]
[White "Di Chiara, Mauro"]
[Black "Prevedello, Daniele"]
[WhiteElo "2006"]
[BlackElo "1860"]
[Result "1/2-1/2"]
[PlyCount "80"]
[EventDate "2014.07.29"]

1. Nf3 d5 2. c4 c6 3. cxd5 cxd5 4. d4 Nf6 5. Nc3 Nc6 6. Bf4 a6 7. e3 Bg4 8. Qb3
Na5 9. Qc2 Nc6 10. Ne5 Nxe5 11. dxe5 Nh5 12. Bg3 Nxg3 13. hxg3 g6 14. Qa4+ Bd7
15. Qd4 e6 16. O-O-O Qc7 17. Kb1 Bg7 18. f4 Rc8 19. Be2 Qc5 20. e4 Qxd4 21.
Rxd4 f6 22. exd5 fxe5 23. fxe5 Bxe5 24. Rd3 Bxc3 25. bxc3 exd5 26. Re3+ Kf7 27.
Rf1+ Bf5+ 28. Bd3 Kg7 29. Bxf5 gxf5 30. Rxf5 Rhe8 31. Rxe8 Rxe8 32. Rxd5 Re7
33. Kc2 Kf6 34. Kd3 Rg7 35. Rd6+ Ke5 36. Rb6 Rxg3+ 37. Kc4 Rg4+ 38. Kd3 Rg7 39.
a4 Kd5 40. Rh6 Kc5 1/2-1/2

[Event "Open SSM A Agosto"]
[Site "Milano ITA"]
[Date "2014.08.03"]
[Round "6"]
[White "Nicolo', Filippo"]
[Black "Quagliarella, Sabino Remo"]
[WhiteElo "2066"]
[BlackElo "1838"]
[Result "1-0"]
[PlyCount "73"]
[EventDate "2014.07.29"]

1. e4 c5 2. Nc3 a6 3. f4 d6 4. Nf3 Nc6 5. g3 e5 6. d3 Nf6 7. Bg2 Be7 8. O-O O-O
9. h3 Rb8 10. g4 b5 11. g5 Nd7 12. f5 Nb6 13. h4 b4 14. Nd5 Nxd5 15. exd5 Na5
16. Nd2 f6 17. g6 Re8 18. Qh5 h6 19. Ne4 Bf8 20. Ng5 Qe7 21. Nf7 c4 22. Bd2 Rb5
23. Rae1 cxd3 24. cxd3 Nb7 25. Re3 Nd8 26. Nxh6+ gxh6 27. g7 Bxg7 28. Rg3 Nf7
29. Qg6 Ng5 30. hxg5 hxg5 31. Bxg5 Qf7 32. Bxf6 Rb7 33. Qg5 Kf8 34. Bxg7+ Qxg7
35. Qh4 Qf7 36. f6 Qh7 37. f7 1-0

[Event "Open SSM A Agosto"]
[Site "Milano ITA"]
[Date "2014.08.03"]
[Round "6"]
[White "Pelizzola, Danilo"]
[Black "Vezzosi, Paolo"]
[WhiteElo "2106"]
[BlackElo "2282"]
[Result "1/2-1/2"]
[PlyCount "45"]
[EventDate "2014.07.29"]

1. e4 c5 2. Nf3 d6 3. d4 cxd4 4. Nxd4 Nf6 5. Nc3 a6 6. Be2 e5 7. Nb3 Nbd7 8. a4
b6 9. Bc4 Bb7 10. Qd3 Be7 11. Bg5 O-O 12. O-O h6 13. Bxf6 Nxf6 14. Rfd1 Qc7 15.
Nd2 Rfc8 16. Bb3 Qc5 17. Nf1 b5 18. axb5 axb5 19. Ne3 b4 20. Ncd5 Nxd5 21. Rxa8
Bxa8 22. Nxd5 Bxd5 23. Qxd5 1/2-1/2

[Event "Open SSM A Agosto"]
[Site "Milano ITA"]
[Date "2014.08.03"]
[Round "7"]
[White "Di Chiara, Mauro"]
[Black "Quagliarella, Sabino Remo"]
[WhiteElo "2006"]
[BlackElo "1838"]
[Result "1/2-1/2"]
[PlyCount "108"]
[EventDate "2014.07.29"]

1. Nf3 Nf6 2. d4 d5 3. c4 e6 4. g3 Nbd7 5. Nbd2 Be7 6. Bg2 c6 7. O-O O-O 8. Qc2
h6 9. e4 dxe4 10. Nxe4 Nxe4 11. Qxe4 Nf6 12. Qe2 Bd6 13. b3 Re8 14. Bb2 Nd7 15.
Rad1 Qe7 16. Ne5 Nxe5 17. dxe5 Bc7 18. Rd3 Bd7 19. Rfd1 Rad8 20. Ba3 Qxa3 21.
Rxd7 Bb6 22. Qf3 Rxd7 23. Rxd7 Qc1+ 24. Bf1 Rf8 25. Kg2 Qg5 26. Rxb7 Qxe5 27.
Qxc6 Qb2 28. Qf3 Qxa2 29. b4 Bd4 30. Bd3 a5 31. bxa5 Bf6 32. Qe4 g6 33. Qf4 Bg7
34. Rb5 Qa3 35. Qe3 Rd8 36. Be4 Qa2 37. Qb3 Qe2 38. Bf3 Qe1 39. Qe3 Qa1 40. c5
Bd4 41. Qd2 Qa4 42. Rb6 Bf6 43. Rd6 Rb8 44. c6 Qc4 45. Qd3 Qc5 46. a6 Rb2 47.
Be2 Kg7 48. Qd1 Be5 49. Rd2 Rxd2 50. Qxd2 Qxc6+ 51. Kg1 Qb6 52. Qd3 Bd4 53. Qf3
Qc5 54. h4 h5 1/2-1/2

[Event "Open SSM A Agosto"]
[Site "Milano ITA"]
[Date "2014.08.03"]
[Round "7"]
[White "Mandelli, Giacomo"]
[Black "Vezzosi, Paolo"]
[WhiteElo "1752"]
[BlackElo "2282"]
[Result "0-1"]
[PlyCount "28"]
[EventDate "2014.07.29"]

1. e4 c5 2. Nf3 Nc6 3. d4 cxd4 4. Nxd4 Qc7 5. Nc3 e6 6. Ndb5 Qb8 7. Be3 Nf6 8.
Be2 a6 9. Bb6 axb5 10. Nxb5 Bb4+ 11. c3 Ba5 12. Nc7+ Ke7 13. Nxa8 Qxa8 14. Qa4
Bxc3+ 0-1

[Event "Open SSM A Agosto"]
[Site "Milano ITA"]
[Date "2014.08.03"]
[Round "7"]
[White "Mazzoccoli, Simone"]
[Black "Alati, Alberto"]
[WhiteElo "1757"]
[BlackElo "1745"]
[Result "1/2-1/2"]
[PlyCount "60"]
[EventDate "2014.07.29"]

1. e4 d6 2. d4 Nf6 3. Nc3 g6 4. f4 Bg7 5. Nf3 O-O 6. Bd3 c6 7. O-O Na6 8. e5
dxe5 9. fxe5 Ne8 10. Bc4 Nac7 11. Ng5 Nd5 12. Bxd5 cxd5 13. a3 f6 14. exf6 Rxf6
15. Be3 h6 16. Rxf6 exf6 17. Nf3 Nc7 18. Qd2 Kh7 19. Re1 Bg4 20. Qf2 Bf5 21.
Nh4 Be4 22. Bf4 f5 23. Nxe4 dxe4 24. c3 Ne6 25. Be3 Qd5 26. g3 Rf8 27. Qd2 g5
28. Ng2 Rf6 29. Rc1 b5 30. Re1 Rf7 1/2-1/2